000 00634nam a2200193Ia 4500
003 GCL
008 140319s9999 xx 000 0 ara d
040 _aGCL /
_cGCL
082 0 4 _a001.5
_bم خ
100 1 _aمحمد معوض
245 1 0 _aالخبر الاذاعى والتليفزيونى /
_cمحمد معوض
700 1 _aبركات عبدالعزيز
260 _aالقاهرة :
_bدار الكتاب الحديث ،
_c1996
300 _a230 ص ؛
_c25 سم
650 0 4 _aالخبر الاذاعى
650 0 4 _aالاذاعة والتليفزيون
650 0 4 _aالخبر التليفزيونى
942 _2ddc
_cBK
999 _c48222
_d48222